Города по Фото — М - Statistics

General Stats
  • This quiz has been taken 49 times
  • The average score is 10 of 24
Answer Stats
Picture Answer % Correct
Москва
97%
Милан
77%
Мюнхен
74%
Мекка
68%
Минск
68%
Мадрид
65%
Манчестер
52%
Монако
48%
Мурманск
48%
Мумбаи
45%
Мехико
45%
Майами
42%
Мирный
42%
Мале
32%
Марсель
26%
Мельбурн
26%
Манила
23%
Монтевидео
19%
Макао
13%
Манама
13%
Марракеш
10%
Медельин
10%
Маскат
10%
Мессина
6%
No matching quizzes found
Score Distribution
Percent of People with Each Score
Percentile by Number Answered
Your Score History
You have not taken this quiz